A Harmadkor műfordításkötete

Elmentve itt :
Bibliográfiai részletek
Szerző: Dlusztus Imre
Dokumentumtípus: Cikk
Megjelent: 1988-07-02
Sorozat:Délmagyarország 78 No. 157
Kulcsszavak:szegedi kiadványok
Online Access:http://dmarchiv.bibl.u-szeged.hu/119207
LEADER 00456nab a2200157 i 4500
001 delm119207
005 20190919140450.0
008 190919s1988 hu o 0|| hun d
040 |a SZTE Délmagyarország Archívum  |b hun 
041 |a hun 
100 1 |a Dlusztus Imre 
245 1 2 |a A Harmadkor műfordításkötete  |h [elektronikus dokumentum] /  |c  Dlusztus Imre 
260 |c 1988-07-02 
300 |a 4 
490 0 |a Délmagyarország  |v 78 No. 157 
695 |a szegedi kiadványok